Biblioteca

La iglesia normal / Watchman Nee ; Adolfo Deras Escobedo, Traductor (Registro nro. 36838)

Detalles MARC
000 -LÍDER
Campo fijo de descripción fija 004590000a22001690004500
041 0# - CÓDIGO DE IDIOMA
Código de idioma para texto/pista de sonido o título separado
082 04 - NÚMERO DE CLASIFICACIÓN DECIMAL DEWEY
Número de clasificación G 260 N372i
001 - NÚMERO DE CONTROL
Campo de control 6569
100 1# - ASIENTO PRINCIPAL--NOMBRE PERSONAL
Nombre personal Nee, Watchman
245 10 - TÍTULO
Título del Material La iglesia normal / Watchman Nee ; Adolfo Deras Escobedo, Traductor
260 ## - PUBLICACIÓN, DISTRIBUCIÓN, ETC. (PIE DE IMPRENTA)
Lugar de publicación, distribución, etc. Cuernavaca, México : Tipografía Indigena
300 ## - DESCRIPCIÓN FÍSICA
Extensión 183 Pag
336 ## - CONTENT TYPE
Content type term texto
Content type code txt
Source rdacontent
337 ## - MEDIA TYPE
Source rdamedia
Media type term sin mediación
Media type code n
338 ## - CARRIER TYPE
Source rdacarrier
Carrier type term volumen
Carrier type code nc
942 ## - TIPO DE MATERIAL (KOHA)
Tipo de Item KOHA Libros General
Existencias
Estado de Material Estado de Perdido Estado de Dañado No para Préstamo Colección Tomo Biblioteca de Origen Biblioteca Permanente Fecha de Adquisición Total de Préstamos Signatura Topográfica Código de Barras Última vez visto Ejemplar/Existencia Fecha de Remplazo Tipo de Material Última vez Préstado
        Colección General   Biblioteca FUSBC Biblioteca FUSBC 04/01/2005   G 260 N372i 14177 12/12/2019 4 26/01/2016 Libros General  
        Colección General   Biblioteca FUSBC Biblioteca FUSBC 04/01/2005   G 260 N372i 5607 12/12/2019 3 26/01/2016 Libros General  
        Colección General   Biblioteca FUSBC Biblioteca FUSBC 04/01/2005 1 G 260 N372i 5606 12/12/2019 2 26/01/2016 Libros General 30/04/2019
        Colección General   Biblioteca FUSBC Biblioteca FUSBC 04/01/2005   G 260 N372i 5605 12/12/2019 1 26/01/2016 Libros General  

Biblioteca FUSBC | Teléfono: (57+4) 349 88 10 Ext. 141| WhatsApp (+57) 3005338115 
E-mail: biblioteca@unisbc.edu.co | Calle 76 87-14 Robledo Palenque, Medellín, Colombia

Con tecnología Koha